INDIAN PARTNERSHIP act . Act no xxvi of 1932. (Record no. 112793)
[ view plain ]
| 000 -LEADER | |
|---|---|
| fixed length control field | 00399nam a2200145Ia 4500 |
| 008 - FIXED-LENGTH DATA ELEMENTS--GENERAL INFORMATION | |
| fixed length control field | 210210b1978 xxu||||| |||| 00| 0 eng d |
| 082 ## - DEWEY DECIMAL CLASSIFICATION NUMBER | |
| Classification number | 346.0682 INDI |
| 100 ## - MAIN ENTRY--PERSONAL NAME | |
| Personal name | INDIAN. |
| 245 ## - TITLE STATEMENT | |
| Title | INDIAN PARTNERSHIP act . Act no xxvi of 1932. |
| 260 ## - PUBLICATION, DISTRIBUTION, ETC. | |
| Place of publication, distribution, etc. | Allahabad |
| Name of publisher, distributor, etc. | Allahabad Law Agency |
| Date of publication, distribution, etc. | 1978 |
| 300 ## - PHYSICAL DESCRIPTION | |
| Extent | 20 |
| 650 ## - SUBJECT ADDED ENTRY--TOPICAL TERM | |
| Topical term or geographic name entry element | Indian partnership act<br/><br/>Bare act |
| 690 ## - LOCAL SUBJECT ADDED ENTRY--TOPICAL TERM (OCLC, RLIN) | |
| Topical term or geographic name as entry element | Company Law |
| 906 ## - LOCAL DATA ELEMENT F, LDF (RLIN) | |
| a | SG01169 |
| Withdrawn status | Lost status | Damaged status | Not for loan | Collection code | Home library | Current library | Shelving location | Date acquired | Cost, normal purchase price | Total Checkouts | Full call number | Barcode | Date last seen | Price effective from | Koha item type | Source of classification or shelving scheme |
|---|---|---|---|---|---|---|---|---|---|---|---|---|---|---|---|---|
| Law | St Aloysius Library | St Aloysius Library | 02/17/2021 | 0.00 | 346.0682 INDI | SG01169 | 02/17/2021 | 02/17/2021 | Special Grants | |||||||
| Discarded | Commerce | St Aloysius Library | St Aloysius Library | 02/17/2021 | 0.00 | 346.0682 INDI | 033871 | 02/02/2024 | 02/17/2021 | Special Grants | Dewey Decimal Classification |